[Event "GER-ch Net Amateur Gr-A Vor3"]
[Site "Playchess.com INT"]
[Date "2020.04.16"]
[Round "7"]
[White "Krasov, Oleksi"]
[Black "Leers Fischer, Hans"]
[Result "1-0"]
[WhiteElo "1808"]
[BlackElo "1753"]
[PlyCount "67"]
[EventDate "2020.04.16"]
[EventType "swiss (blitz)"]
[EventRounds "9"]
[EventCountry "GER"]
[SourceTitle "CBM 195 Extra"]
[Source "ChessBase"]
[SourceDate "2020.05.31"]
[SourceVersion "1"]
[SourceVersionDate "2020.05.31"]
[SourceQuality "1"]

1. e4 e6 2. b3 d5 3. Bb2 Nf6 4. e5 Nfd7 5. f4 c5 6. Qg4 Nc6 7. Nf3 a6 8. Be2 b5 9. c3 c4 10. Na3 Nc5 11. 0-0 Ne4 12. Nc2 f5 13. exf6 Nxf6 14. Qg3 Ne4 15. Qe1 Be7 16. d3 Nf6 17. Ne5 Qb6+ 18. Kh1 cxd3 19. Bxd3 Nxe5 20. fxe5 Nd7 21. Qg3 g6 22. Nd4 Nc5 23. Bc2 Bd7 24. a4 bxa4 25. Ba3 axb3 26. Rab1 Rb8 27. Bxb3 Nxb3 28. Bxe7 Kxe7 29. Qg5+ Ke8 30. Qf6 Qc5 31. Qxh8+ Ke7 32. Qf6+ Ke8 33. Qh8+ Ke7 34. Qxb8 1-0

[Event "GER-ch Net Amateur Gr-A Vor3"]
[Site "Playchess.com INT"]
[Date "2020.04.16"]
[Round "8"]
[White "Lohvinov, Petro"]
[Black "Krasov, Oleksi"]
[Result "0-1"]
[WhiteElo "1716"]
[BlackElo "1823"]
[PlyCount "82"]
[EventDate "2020.04.16"]
[EventType "swiss (blitz)"]
[EventRounds "9"]
[EventCountry "GER"]
[SourceTitle "CBM 195 Extra"]
[Source "ChessBase"]
[SourceDate "2020.05.31"]
[SourceVersion "1"]
[SourceVersionDate "2020.05.31"]
[SourceQuality "1"]

1. e4 c5 2. Nf3 Nc6 3. d4 cxd4 4. Nxd4 e5 5. Nb5 a6 6. Nd6+ Bxd6 7. Qxd6 Qe7 8. Qd1 Nf6 9. Nc3 d6 10. Bg5 Be6 11. Be2 0-0 12. 0-0 Rfd8 13. Bxf6 Qxf6 14. Bg4 Rac8 15. Nd5 Qg6 16. h3 Qxe4 17. Nb6 Rc7 18. Bf3 Qb4 19. Nd5 Bxd5 20. Bxd5 Qxb2 21. Qd3 Nb4 22. Qb3 Qxb3 23. Bxb3 Nxc2 24. Rac1 Rdc8 25. Bxc2 Rxc2 26. Rb1 b5 27. Rfd1 R8c6 28. a4 Rb6 29. axb5 axb5 30. Rd5 b4 31. Rbd1 b3 32. Rxe5 f6 33. Ree1 b2 34. Rb1 Rbc6 35. Kf1 d5 36. g3 d4 37. Red1 R6c3 38. Ke1 d3 39. Kf1 Rc1 40. Ke1 Rxb1 41. Rxb1 Rc1+ 0-1

[Event "GER-ch Net Amateur Gr-A Vor2"]
[Site "Playchess.com INT"]
[Date "2020.04.15"]
[Round "9"]
[White "Frick, Christoph"]
[Black "Krasov, Oleksi"]
[Result "0-1"]
[WhiteElo "1957"]
[BlackElo "1832"]
[PlyCount "44"]
[EventDate "2020.04.15"]
[EventType "swiss (blitz)"]
[EventRounds "9"]
[EventCountry "GER"]
[SourceTitle "CBM 196 Extra"]
[Source "ChessBase"]
[SourceDate "2020.07.31"]
[SourceVersion "1"]
[SourceVersionDate "2020.07.31"]
[SourceQuality "1"]

1. e4 c5 2. Nc3 Nc6 3. g3 g6 4. Bg2 Bg7 5. d3 d6 6. Nh3 Rb8 7. 0-0 b5 8. Nd5 e6 9. Ne3 Nge7 10. f4 f5 11. exf5 exf5 12. Nd5 0-0 13. c4 b4 14. Re1 h6 15. a3 a5 16. axb4 axb4 17. Ra2 Kh7 18. Be3 Re8 19. b3 Nd4 20. Ra7 Nec6 21. Nf6+ Qxf6 22. Rxg7+ Qxg7 0-1

[Event "GER-ch Net Amateur Gr-A Vor2"]
[Site "Playchess.com INT"]
[Date "2020.04.15"]
[Round "7"]
[White "Krasov, Oleksi"]
[Black "Foerster, Erik"]
[Result "1-0"]
[WhiteElo "1832"]
[BlackElo "1982"]
[PlyCount "73"]
[EventDate "2020.04.15"]
[EventType "swiss (blitz)"]
[EventRounds "9"]
[EventCountry "GER"]
[SourceTitle "CBM 196 Extra"]
[Source "ChessBase"]
[SourceDate "2020.07.31"]
[SourceVersion "1"]
[SourceVersionDate "2020.07.31"]
[SourceQuality "1"]

1. e4 e6 2. b3 d5 3. Bb2 Nf6 4. e5 Nfd7 5. f4 c5 6. Qg4 f5 7. Qg3 Nc6 8. Nf3 Nb4 9. Na3 b6 10. c3 Nc6 11. Ng5 Ndb8 12. Nc2 Be7 13. h4 g6 14. d4 cxd4 15. cxd4 Qd7 16. h5 Bxg5 17. Qxg5 Rg8 18. Be2 Ba6 19. hxg6 hxg6 20. Ba3 Bxe2 21. Kxe2 Na6 22. Bd6 Nd8 23. Qf6 Qf7 24. Rh8 Rxh8 25. Qxh8+ Kd7 26. Rh1 Qe8 27. Rh7+ Nf7 28. Rxf7+ Qxf7 29. Qxa8 Nc7 30. Qxa7 Kc6 31. Qxc7+ Qxc7 32. Bxc7 Kxc7 33. Kd3 Kc6 34. Kc3 Kb5 35. a3 Ka5 36. Ne3 Kb5 37. g3 1-0

[Event "GER-ch Net Amateur Gr-A Vor2"]
[Site "Playchess.com INT"]
[Date "2020.04.15"]
[Round "8"]
[White "Krasov, Oleksi"]
[Black "Gallasch, Jonas"]
[Result "0-1"]
[WhiteElo "1832"]
[BlackElo "1994"]
[PlyCount "36"]
[EventDate "2020.04.15"]
[EventType "swiss (blitz)"]
[EventRounds "9"]
[EventCountry "GER"]
[SourceTitle "CBM 196 Extra"]
[Source "ChessBase"]
[SourceDate "2020.07.31"]
[SourceVersion "1"]
[SourceVersionDate "2020.07.31"]
[SourceQuality "1"]

1. e4 c6 2. d4 d5 3. exd5 cxd5 4. Bd3 Nc6 5. c3 Qc7 6. Ne2 Bg4 7. f3 Bd7 8. Bf4 e5 9. dxe5 Nxe5 10. 0-0 Bd6 11. Bc2 Ne7 12. Nd2 0-0 13. Kh1 Rad8 14. Nb3 Nc4 15. Bxd6 Qxd6 16. Rb1 Nf5 17. Re1 Nfe3 18. Qd3 Bf5 0-1

[Event "GER-ch Net Amateur Gr-A Vor2"]
[Site "Playchess.com INT"]
[Date "2020.04.15"]
[Round "2"]
[White "Krasov, Oleksi"]
[Black "Laux, Dominik"]
[Result "0-1"]
[WhiteElo "1832"]
[BlackElo "2025"]
[PlyCount "126"]
[EventDate "2020.04.15"]
[EventType "swiss (blitz)"]
[EventRounds "9"]
[EventCountry "GER"]
[SourceTitle "CBM 196 Extra"]
[Source "ChessBase"]
[SourceDate "2020.07.31"]
[SourceVersion "1"]
[SourceVersionDate "2020.07.31"]
[SourceQuality "1"]

1. e4 c6 2. d4 d5 3. exd5 cxd5 4. Bd3 Nc6 5. c3 Nf6 6. h3 Qc7 7. Bg5 g6 8. Nf3 Bg7 9. 0-0 0-0 10. Nbd2 Bf5 11. Be2 Ne4 12. Bh4 Qb6 13. Qb3 Rfd8 14. Qxb6 axb6 15. a3 Rac8 16. g4 Nxd2 17. Nxd2 Bd7 18. Bf3 Be6 19. Rfe1 Kf8 20. Bg2 Na5 21. Bg3 b5 22. Nb3 Nxb3 23. Rad1 Na5 24. f4 Nc4 25. Re2 Rc6 26. Rde1 Bf6 27. Bf3 Nd6 28. Kg2 Ne4 29. Bh2 Bg7 30. Kf1 f5 31. g5 Bc8 32. Bg1 Kf7 33. Be3 e6 34. Kg2 b6 35. Bxe4 dxe4 36. h4 b4 37. axb4 Ba6 38. Rd2 Bd3 39. Ra1 Rcc8 40. Rdd1 Ra8 41. Kf2 Bf8 42. Ke1 b5 43. Kf2 Ke8 44. Kg3 Kd7 45. Kf2 Kc6 46. Ke1 Kb7 47. Kd2 Rxa1 48. Rxa1 Ra8 49. Rxa8 Kxa8 50. Kc1 Kb7 51. b3 Kc6 52. Kb2 Kd5 53. Bd2 h6 54. Be3 hxg5 55. hxg5 Bd6 56. Kc1 e5 57. dxe5 Bxe5 58. fxe5 Kxe5 59. Kd2 f4 60. Bd4+ Kf5 61. Bf6 Kg4 62. Ke1 e3 63. Bd8 f3 0-1

[Event "GER-ch Net Amateur Gr-A Vor1"]
[Site "Playchess.com INT"]
[Date "2020.04.14"]
[Round "7"]
[White "Krasov, Oleksi"]
[Black "Stangl, Anita"]
[Result "1-0"]
[WhiteElo "1792"]
[BlackElo "1680"]
[PlyCount "89"]
[EventDate "2020.04.14"]
[EventType "swiss (blitz)"]
[EventRounds "9"]
[EventCountry "GER"]
[SourceTitle "EXT 2021"]
[Source "ChessBase"]
[SourceDate "2020.10.23"]
[SourceVersion "1"]
[SourceVersionDate "2020.10.23"]
[SourceQuality "1"]

1. e4 e6 2. b3 d5 3. Bb2 dxe4 4. Nc3 f5 5. f3 exf3 6. Nxf3 Nf6 7. Bc4 Bd6 8. Qe2 Qe7 9. Ng5 0-0 10. Nxe6 Bxe6 11. Qxe6+ Qxe6+ 12. Bxe6+ Kh8 13. 0-0-0 Ng4 14. Rdf1 g6 15. Nb5+ Nf6 16. Nxd6 cxd6 17. g4 Kg7 18. g5 Nc6 19. gxf6+ Kh6 20. Rf3 Ne5 21. Rh3+ Kg5 22. Rxh7 Kxf6 23. Bd5 Kg5 24. Rxb7 Rab8 25. h4+ Kg4 26. Rxb8 Rxb8 27. Bxe5 dxe5 28. Rg1+ Kxh4 29. Rxg6 Rf8 30. Kd1 f4 31. Ke1 Rc8 32. c4 Re8 33. Kf2 e4 34. Re6 e3+ 35. dxe3 fxe3+ 36. Kxe3 Rf8 37. Rg6 Rf1 38. Kd4 Ra1 39. a4 Rb1 40. c5 Rd1+ 41. Kc4 Kh5 42. Rg8 Rc1+ 43. Kb4 a5+ 44. Kb5 Rc3 45. Bc4 1-0

[Event "GER-ch Net Amateur Gr-A Vor1"]
[Site "Playchess.com INT"]
[Date "2020.04.14"]
[Round "1"]
[White "Marcziter, Dmitrii"]
[Black "Krasov, Oleksi"]
[Result "0-1"]
[WhiteElo "2044"]
[BlackElo "1786"]
[PlyCount "168"]
[EventDate "2020.04.14"]
[EventType "swiss (blitz)"]
[EventRounds "9"]
[EventCountry "GER"]
[SourceTitle "EXT 2021"]
[Source "ChessBase"]
[SourceDate "2020.10.23"]
[SourceVersion "1"]
[SourceVersionDate "2020.10.23"]
[SourceQuality "1"]

1. d4 d5 2. c4 e6 3. Nc3 Nf6 4. Bg5 Nbd7 5. cxd5 exd5 6. e3 c6 7. Qc2 Be7 8. Bd3 0-0 9. Nge2 Re8 10. 0-0 Nf8 11. f3 Be6 12. Rae1 Rc8 13. e4 dxe4 14. fxe4 c5 15. d5 c4 16. dxe6 Nxe6 17. Rd1 Nxg5 18. Bxc4 Qb6+ 19. Kh1 Rxc4 20. Ng3 Bb4 21. Qb3 Rxc3 22. bxc3 Ba5 23. Qa4 Ngxe4 24. Nxe4 Rxe4 25. Qc2 Qe6 26. Qd3 h6 27. a3 Bb6 28. h3 Re3 29. Qd2 Nh5 30. Rfe1 Ng3+ 31. Kh2 Qe5 32. Rxe3 Bxe3 33. Qd6 Nf1+ 34. Kh1 Ng3+ 35. Kh2 Qxd6 36. Rxd6 Bf4 37. Rd8+ Kh7 38. Rd7 Nf5+ 39. Kg1 Kg6 40. Rxb7 f6 41. Kf2 Be3+ 42. Kf3 Bb6 43. g4 Nd6 44. Rb8 Nc4 45. a4 Ne5+ 46. Ke4 Nc6 47. Rc8 Na5 48. c4 Nb3 49. Kd5 h5 50. c5 Nxc5 51. Kd6 Nxa4 52. Rc1 hxg4 53. hxg4 Kg5 54. Rc4 Nc5 55. Kd5 Nd7 56. Ra4 Ne5 57. Ke6 Nxg4 58. Kf7 g6 59. Ke6 Ne3 60. Re4 f5 61. Ra4 f4 62. Ke5 Ng4+ 63. Ke4 Nf6+ 64. Kf3 Nd5 65. Rc4 Kf5 66. Rc8 g5 67. Rf8+ Nf6 68. Rf7 g4+ 69. Kg2 Ke6 70. Rg7 Kf5 71. Rf7 Ke6 72. Rg7 g3 73. Kf3 Be3 74. Rc7 Nd5 75. Rc6+ Ke5 76. Rc8 Nf6 77. Rc4 Nh7 78. Re4+ Kf5 79. Ra4 Ng5+ 80. Kg2 Kg4 81. Rb4 Ne6 82. Ra4 Nd4 83. Rxa7 f3+ 84. Kf1 g2+ 0-1

[Event "GER-ch Net Amateur Gr-A Vor1"]
[Site "Playchess.com INT"]
[Date "2020.04.14"]
[Round "8"]
[White "Roelle, Philipp"]
[Black "Krasov, Oleksi"]
[Result "1/2-1/2"]
[WhiteElo "1897"]
[BlackElo "1803"]
[PlyCount "118"]
[EventDate "2020.04.14"]
[EventType "swiss (blitz)"]
[EventRounds "9"]
[EventCountry "GER"]
[SourceTitle "EXT 2021"]
[Source "ChessBase"]
[SourceDate "2020.10.23"]
[SourceVersion "1"]
[SourceVersionDate "2020.10.23"]
[SourceQuality "1"]

1. e4 c5 2. Nf3 Nc6 3. Bb5 Nf6 4. Bxc6 dxc6 5. d3 Nd7 6. 0-0 e5 7. h3 Bd6 8. Nbd2 b5 9. a4 a6 10. b3 Nf8 11. Bb2 Qc7 12. c4 b4 13. Kh2 Ne6 14. g3 0-0 15. Nh4 g6 16. Ng2 Bd7 17. Qe2 Rae8 18. Rae1 Nd4 19. Qd1 f5 20. f3 Be6 21. Rf2 Rf7 22. Ref1 h5 23. Nh4 Kh7 24. g4 Qe7 25. Ng2 hxg4 26. hxg4 f4 27. Bxd4 exd4 28. Rh1 Rh8 29. Kg1+ Kg8 30. Rxh8+ Kxh8 31. Kf1 Rh7 32. Ke2 Rh3 33. Qg1 Qh7 34. Ne1 Rh1 35. Qg2 Kg7 36. Nf1 Rh4 37. Qg1 g5 38. Rh2 a5 39. Ng2 Rh3 40. Ne1 Kg6 41. Kf2 Qh4+ 42. Ke2 Bd7 43. Qg2 Rxh2 44. Qxh2 Qxh2+ 45. Nxh2 Kh6 46. Nf1 Kg6 47. Nd2 Be5 48. Nc2 Kf6 49. Ne1 Kg6 50. Ng2 Kf6 51. Kf1 Kg6 52. Kg1 Kf6 53. Kh2 Kg6 54. Kh3 Kf6 55. Nf1 Kg6 56. Nh2 Kh6 57. Nf1 Kg6 58. Nh2 Kh6 59. Nf1 Kg6 1/2-1/2

[Event "Mecklenburg VP-ch MT"]
[Site "Greifswald"]
[Date "2019.04.15"]
[Round "6.6"]
[White "Schulz, Daniel1"]
[Black "Krasov, Oleksi"]
[Result "1/2-1/2"]
[WhiteElo "1819"]
[BlackElo "1953"]
[PlyCount "113"]
[EventDate "2019.04.13"]
[EventType "swiss"]
[EventRounds "7"]
[EventCountry "GER"]
[SourceTitle "EXT 2023"]
[Source "ChessBase"]
[SourceDate "2022.10.05"]
[SourceVersion "1"]
[SourceVersionDate "2022.10.05"]
[SourceQuality "1"]

1. e4 c5 2. c3 d5 3. exd5 Qxd5 4. d4 e6 5. Nf3 Nf6 6. Be2 Nc6 7. 0-0 Be7 8. c4 Qd8 9. dxc5 Qxd1 10. Rxd1 Bxc5 11. Nc3 a6 12. Bg5 h6 13. Bxf6 gxf6 14. Ne4 Be7 15. Nd6+ Bxd6 16. Rxd6 Ke7 17. Rad1 e5 18. Kf1 Be6 19. R6d2 Nb4 20. a3 Nc6 21. b4 Rhd8 22. Ke1 Rxd2 23. Rxd2 a5 24. b5 Nd8 25. c5 Rc8 26. Rc2 Bd5 27. Nh4 Be4 28. Rc4 Bh7 29. Bf3 Rc7 30. a4 Ne6 31. c6 bxc6 32. b6 Rb7 33. Rxc6 Nd4 34. Re6+ Nxe6 35. Bxb7 Nc5 36. Bc6 Kd6 37. Be8 Bc2 38. Bxf7 Nxa4 39. Kd2 Bh7 40. b7 Kc7 41. Bd5 Nc5 42. Kc3 Nxb7 43. Kc4 Nd6+ 44. Kc5 Ne4+ 45. Bxe4 Bxe4 46. Kb5 Kd6 47. Kxa5 Kc5 48. Ka4 Kc4 49. Ka5 Kd3 50. Kb5 Kd4 51. Kb4 f5 52. Kb3 f4 53. Kb2 Kd3 54. Kc1 Ke2 55. f3 Bh7 56. g4 fxg3 57. hxg3 1/2-1/2

[Event "Mecklenburg VP LL2 Ost 1819"]
[Site "Mecklenburg VP"]
[Date "2019.04.07"]
[Round "9.3"]
[White "Kilp, Andreas"]
[Black "Krasov, Oleksi"]
[Result "0-1"]
[WhiteElo "1683"]
[BlackElo "1900"]
[PlyCount "120"]
[EventDate "2018.10.21"]
[EventType "team-tourn"]
[EventRounds "9"]
[EventCountry "GER"]
[SourceTitle "EXT 2022"]
[Source "ChessBase"]
[SourceDate "2021.10.06"]
[SourceVersion "1"]
[SourceVersionDate "2021.10.06"]
[SourceQuality "1"]
[WhiteTeam "Torgelow Droegeheide II"]
[BlackTeam "Wolgast Motor"]
[WhiteTeamCountry "GER"]
[BlackTeamCountry "GER"]

1. e4 c5 2. Nf3 Nc6 3. d4 cxd4 4. Nxd4 e5 5. Nb5 a6 6. Nd6+ Bxd6 7. Qxd6 Qe7 8. Qd1 Nf6 9. Nc3 d6 10. Bg5 Be6 11. Nd5 Bxd5 12. exd5 Nb8 13. Be2 Nbd7 14. 0-0 h6 15. Bxf6 Nxf6 16. Re1 0-0 17. c4 a5 18. Rc1 Nd7 19. Bd3 Qg5 20. f3 Nc5 21. Bc2 b6 22. a3 a4 23. Qe2 f5 24. Rcd1 g6 25. Qe3 Qxe3+ 26. Rxe3 Kf7 27. Kf2 Kf6 28. Rde1 Rf7 29. g3 Raa7 30. R3e2 Rfc7 31. Re3 Rab7 32. Rc3 b5 33. cxb5 Rxb5 34. Bxa4 Rxb2+ 35. Kg1 Ra7 36. Bc6 Ra2 37. Rb1 R2xa3 38. Rxa3 Rxa3 39. Kg2 Nb3 40. Rb2 Nd4 41. f4 Nxc6 42. dxc6 Rc3 43. Rb6 Ke6 44. fxe5 Kxe5 45. Rb5+ Ke6 46. Rb6 g5 47. h3 h5 48. Kf2 h4 49. gxh4 gxh4 50. Kg2 Ke5 51. Ra6 d5 52. Ra4 d4 53. Ra6 Ke4 54. Rb6 Rc2+ 55. Kf1 f4 56. Kg1 d3 57. Rb1 Rxc6 58. Re1+ Kf3 59. Rf1+ Kg3 60. Rd1 d2 0-1

[Event "Mecklenburg VP LL2 Ost 1718"]
[Site "Mecklenburg VP"]
[Date "2018.04.08"]
[Round "8.2"]
[White "Krasov, Oleksi"]
[Black "Van Bentum, Horst"]
[Result "1-0"]
[WhiteElo "1897"]
[BlackElo "1915"]
[PlyCount "69"]
[EventDate "2017.10.08"]
[EventType "team-tourn"]
[EventRounds "9"]
[EventCountry "GER"]
[SourceTitle "EXT 2022"]
[Source "ChessBase"]
[SourceDate "2021.10.06"]
[SourceVersion "1"]
[SourceVersionDate "2021.10.06"]
[SourceQuality "1"]
[WhiteTeam "Wolgast Motor"]
[BlackTeam "Graal Mueritz"]
[WhiteTeamCountry "GER"]
[BlackTeamCountry "GER"]

1. e4 e5 2. Nf3 Nc6 3. Bb5 a6 4. Ba4 Nf6 5. Qe2 Be7 6. d3 d6 7. c3 0-0 8. 0-0 b5 9. Bc2 Bg4 10. h3 Bh5 11. Nbd2 d5 12. Rd1 d4 13. Nf1 Re8 14. Ng3 Bg6 15. a4 b4 16. a5 Qd6 17. Ba4 dxc3 18. bxc3 Reb8 19. Bxc6 Qxc6 20. Nxe5 Qxc3 21. Bb2 Qc5 22. Rac1 Qb5 23. Nc6 Re8 24. Qc2 Bf8 25. f4 h6 26. Bxf6 gxf6 27. f5 Bh7 28. Nh5 Bg7 29. Qf2 Kh8 30. Qg3 Rg8 31. Qxc7 Rac8 32. Qb6 Bf8 33. Qxb5 axb5 34. Nxf6 Rg7 35. a6 1-0